00482 2200181 4500001002100000008004100021035002000062245005900082100001500141250002000156260003000176300002000206020001800226084001900244082001300263650001500276990000900291INLIS000000000001286 ind  a0010-0425001286 aEnsiklopedia Anak Islam 3bIslam - MunafikcNurhasanah aNurhasanah aCetakan pertama bPT Rehal Republika,c2012 a76 hlm.c26 cm. a979-694-969-5 a030.1431 NUR e a030.1431 aNurhasanah a4133